[Event "New Zealand Seniors Championship 2017"]
[Site "Mount Manganui NZL"]
[Date "2017.09.01"]
[Round "2.1"]
[White "Dive, Russell J"]
[Black "Gibbons, Robert E"]
[Result "1-0"]
[WhiteElo "2434"]
[BlackElo "2049"]
[PlyCount "45"]
[EventDate "2017.09.01"]

1. Nf3 Nf6 2. c4 c5 3. g3 Nc6 4. Bg2 e5 5. O-O d6 6. Nc3 Be7 7. Ne1 Be6 8. Nd5
O-O 9. Nc2 Re8 10. Nce3 Rb8 11. a3 Nd4 12. b4 b5 13. d3 a5 14. bxc5 dxc5 15.
Nxe7+ Rxe7 16. cxb5 Bb3 17. Qd2 a4 18. Bb2 Rxb5 19. Rac1 e4 20. Bxd4 cxd4 21.
dxe4 Nxe4 22. Qxd4 Nd6 23. Qxd6 1-0

[Event "New Zealand Seniors Championship 2017"]
[Site "Mount Manganui NZL"]
[Date "2017.09.01"]
[Round "2.2"]
[White "Lim, Benjamin U"]
[Black "Smith, Robert W"]
[Result "0-1"]
[WhiteElo "2024"]
[BlackElo "2353"]
[PlyCount "174"]
[EventDate "2017.09.01"]

1. e4 c5 2. Nf3 g6 3. d4 cxd4 4. Nxd4 Nc6 5. Be3 Nf6 6. Nc3 Bg7 7. f3 O-O 8.
Qd2 d5 9. exd5 Nxd5 10. Nxd5 Qxd5 11. Nxc6 Qxc6 12. c3 Be6 13. Be2 Rfd8 14. Qc1
Bc4 15. Qc2 Qa6 16. Kf2 Qe6 17. Bxc4 Qxc4 18. Rhd1 Rxd1 19. Qxd1 Qc7 20. g3 h5
21. Qa4 a6 22. Rd1 Rd8 23. Rxd8+ Qxd8 24. Qc2 Qd5 25. a3 Qc4 26. Qe2 b5 27.
Qxc4 bxc4 28. f4 e5 29. Kf3 f5 30. fxe5 Bxe5 31. h3 Kf7 32. h4 Ke6 33. a4 Kd5
34. Bf2 Bd6 35. Be3 Bf8 36. Bf4 Bc5 37. Bg5 Kc6 38. Bf6 Bd6 39. Bd4 Kd5 40. Be3
Be7 41. Bd2 Bc5 42. Bg5 Kc6 43. Bf6 Bd6 44. Bd4 Kd5 45. Be3 Ke6 46. Bd2 Be7 47.
Be3 Kd5 48. Bd2 Kc6 49. Be3 Bd8 50. Kf2 Bc7 51. Kf3 Kd5 52. Bg5 Be5 53. Be3 Bg7
54. Bd2 Ke6 55. Be3 Bf8 56. Kg2 Kf7 57. Kf3 Bd6 58. Bg5 Bf8 59. Bf4 Be7 60. Ke3
Bc5+ 61. Kf3 Bb6 62. Bg5 Bc7 63. Be3 Bd8 64. Bf4 g5 65. hxg5 Kg6 66. Bd6 Bxg5
67. Ke2 Bc1 68. Kd1 Bh6 69. Kc2 f4 70. gxf4 Kf5 71. b4 cxb3+ 72. Kxb3 h4 73.
Bc5 h3 74. Bg1 Bxf4 75. Kc4 Ke4 76. Kc5 Be3+ 77. Bxe3 Kxe3 78. c4 h2 79. Kb6
h1=Q 80. c5 Qa8 81. c6 Qc8 82. a5 Ke4 83. c7 Kd5 84. Ka7 Ke6 85. Kb6 Qa8 86.
c8=Q+ Qxc8 87. Ka7 Qc4 0-1

[Event "New Zealand Seniors Championship 2017"]
[Site "Mount Manganui NZL"]
[Date "2017.09.01"]
[Round "2.3"]
[White "Marko, Helmut S"]
[Black "Goffin, Peter B"]
[Result "1/2-1/2"]
[WhiteElo "2067"]
[BlackElo "1817"]
[PlyCount "50"]
[EventDate "2017.09.01"]

1. Nf3 Nf6 2. c4 c5 3. g3 g6 4. Bg2 Bg7 5. O-O Nc6 6. Nc3 d6 7. d4 Nxd4 8. Nxd4
cxd4 9. Qxd4 O-O 10. Bg5 h6 11. Bxf6 Bxf6 12. Qd2 Bg7 13. Rac1 Rb8 14. Rfd1 Bd7
15. c5 Bc6 16. cxd6 Bxg2 17. Kxg2 Qxd6 18. Qxd6 exd6 19. Rxd6 Rfc8 20. Rcd1
Bxc3 21. bxc3 Rxc3 22. Rd8+ Rxd8 23. Rxd8+ Kg7 24. Rd7 Rc2 25. a4 Rb2 1/2-1/2

[Event "New Zealand Seniors Championship 2017"]
[Site "Mount Manganui NZL"]
[Date "2017.09.01"]
[Round "2.4"]
[White "Booth, Anthony J"]
[Black "Milligan, Helen"]
[Result "1/2-1/2"]
[WhiteElo "1486"]
[BlackElo "2123"]
[PlyCount "88"]
[EventDate "2017.09.01"]

1. d4 Nf6 2. c4 g6 3. Nc3 Bg7 4. e4 d6 5. Be2 O-O 6. Nf3 Nbd7 7. O-O e5 8. Bg5
h6 9. Bh4 c6 10. dxe5 Nxe5 11. Nxe5 dxe5 12. Bg3 Qe7 13. Qc2 Nd7 14. Rad1 Nc5
15. b4 Ne6 16. a3 Nd4 17. Qb2 h5 18. f3 h4 19. Bf2 h3 20. g3 Be6 21. Be3 Rad8
22. Bd3 f5 23. Bxd4 exd4 24. Ne2 Qf7 25. Nf4 Bh6 26. Nxh3 Be3+ 27. Kh1 Bxc4 28.
Nf4 Bxd3 29. Nxd3 fxe4 30. fxe4 Qe6 31. Qg2 b6 32. Nf4 Bxf4 33. gxf4 Rfe8 34.
e5 Qd5 35. Rf3 Kf7 36. Kg1 Rg8 37. Re1 Rde8 38. Qg4 d3 39. Rd1 Qd4+ 40. Rf2 Kg7
41. Qf3 Rd8 42. Qxc6 Rgf8 43. Qf3 Rf7 44. Kg2 Rc7 1/2-1/2

[Event "New Zealand Seniors Championship 2017"]
[Site "Mount Manganui NZL"]
[Date "2017.09.01"]
[Round "2.5"]
[White "List, Robert"]
[Black "Laurie, Ian"]
[Result "1-0"]
[WhiteElo "1681"]
[BlackElo "1736"]
[PlyCount "73"]
[EventDate "2017.09.01"]

1. e4 c5 2. Nc3 d6 3. f4 Nc6 4. Nf3 Nf6 5. Bc4 e6 6. O-O Be7 7. Bb3 O-O 8. Qe1
a6 9. d4 cxd4 10. Ne2 Nxe4 11. Nexd4 Nxd4 12. Nxd4 Nc5 13. Bc4 b5 14. Be2 Bb7
15. b4 Ne4 16. Bd3 d5 17. Nf3 Rc8 18. Be3 Qc7 19. Ng5 h6 20. Qh4 hxg5 21. fxg5
Qc3 22. Rad1 e5 23. Rf3 Nxg5 24. Bxg5 e4 25. Bxe4 dxe4 26. Rxc3 Bxg5 27. Qh3
Rxc3 28. Qxc3 Rc8 29. Qg3 Bf6 30. h4 Rxc2 31. h5 Kh7 32. Qe3 Rc3 33. Qf4 e3 34.
g4 e2 35. Re1 Rf3 36. Qd6 Rg3+ 37. Qxg3 1-0

[Event "New Zealand Seniors Championship 2017"]
[Site "Mount Manganui NZL"]
[Date "2017.09.01"]
[Round "2.6"]
[White "Steadman, Michael V R"]
[Black "Lynn, K William"]
[Result "1-0"]
[WhiteElo "2260"]
[BlackElo "1852"]
[PlyCount "75"]
[EventDate "2017.09.01"]

1. b4 e5 2. Bb2 f6 3. a3 d5 4. e3 Be6 5. d4 Nd7 6. Nf3 e4 7. Nfd2 f5 8. c4 c6
9. Nc3 Ngf6 10. Qb3 Bd6 11. cxd5 cxd5 12. h3 Rc8 13. g4 Nb6 14. gxf5 Bxf5 15.
a4 Bb8 16. a5 Na8 17. Rg1 O-O 18. Rg5 g6 19. Be2 Kg7 20. h4 h6 21. Rg2 a6 22.
Na4 Bh3 23. Rg1 Bh2 24. Rh1 Qd6 25. b5 Rf7 26. Ba3 Qc7 27. Rc1 Qxc1+ 28. Bxc1
Rxc1+ 29. Bd1 Ng4 30. Rxh2 Nxh2 31. Qb2 Rxd1+ 32. Kxd1 Rxf2 33. bxa6 Bg4+ 34.
Kc1 bxa6 35. Qb7+ Rf7 36. Qxa8 Rc7+ 37. Nc5 Nf3 38. Qxd5 1-0

[Event "New Zealand Seniors Championship 2017"]
[Site "Mount Manganui NZL"]
[Date "2017.09.01"]
[Round "2.7"]
[White "Gothorp, Thomas H T"]
[Black "Cooper, Nigel"]
[Result "1/2-1/2"]
[WhiteElo "1564"]
[BlackElo "1791"]
[PlyCount "100"]
[EventDate "2017.09.01"]

1. d4 d5 2. Nf3 c6 3. b3 Nf6 4. Bb2 g6 5. Nbd2 Bg7 6. e3 O-O 7. Be2 Re8 8. O-O
Bg4 9. Rc1 Nbd7 10. c4 dxc4 11. Rxc4 Nb6 12. Rc5 Nfd7 13. Rc1 c5 14. h3 Bxf3
15. Nxf3 cxd4 16. Bxd4 e5 17. Bxb6 Nxb6 18. Qxd8 Raxd8 19. Rfd1 Rxd1+ 20. Rxd1
Rc8 21. Ne1 Kf8 22. Bf3 Rb8 23. Nc2 f5 24. Kf1 e4 25. Be2 Ke7 26. Na3 Rd8 27.
Rxd8 Kxd8 28. Nb5 Nc8 29. Bc4 a6 30. Nd4 Ke7 31. Bg8 h6 32. Ne6 Be5 33. Nc5 Nd6
34. Bd5 Nb5 35. Bxb7 a5 36. Na4 Kd6 37. Ba6 Nc3 38. Nxc3 Bxc3 39. a4 g5 40. g4
f4 41. exf4 gxf4 42. Ke2 Kc5 43. Bb7 Kd4 44. h4 Ke5 45. h5 f3+ 46. Kf1 Kf4 47.
Bc8 Bd2 48. Bf5 Bc3 49. Be6 Bd2 50. Bd7 Bc3 1/2-1/2

[Event "New Zealand Seniors Championship 2017"]
[Site "Mount Manganui NZL"]
[Date "2017.09.01"]
[Round "2.8"]
[White "Smith, Vivian J"]
[Black "Burgess, Ken"]
[Result "1/2-1/2"]
[WhiteElo "1785"]
[BlackElo "1547"]
[PlyCount "108"]
[EventDate "2017.09.01"]

1. e4 d5 2. exd5 Qxd5 3. Nc3 Qd6 4. d4 Nf6 5. Nf3 c6 6. Be2 Bf5 7. Ne5 Nbd7 8.
Nc4 Qc7 9. O-O e6 10. Bf3 Be7 11. g3 Nd5 12. Ne4 O-O 13. c3 b5 14. Ne3 Bg6 15.
Nxd5 cxd5 16. Nd2 Bd3 17. Re1 Nf6 18. Re3 Bf5 19. Re1 Rab8 20. a3 a5 21. Nf1
Bd6 22. Ne3 Be4 23. Ng4 Nxg4 24. Bxe4 Nf6 25. Bd3 h5 26. Bg5 Ng4 27. Be2 Be7
28. Bxe7 Qxe7 29. Bxg4 hxg4 30. Qxg4 g6 31. Qf3 Qd8 32. h4 Kg7 33. Qe3 Qf6 34.
Kg2 Qf5 35. Qe5+ Qxe5 36. Rxe5 Rfe8 37. Re3 a4 38. Rae1 Rbc8 39. g4 Rc6 40. g5
Rh8 41. Kg3 Kf8 42. Rf3 Ke7 43. Kg4 Rh7 44. Rfe3 Rc8 45. Rh1 Rh5 46. Rhh3 Rf8
47. Rhf3 Rfh8 48. Rh3 Kd7 49. Ref3 Ke7 50. Re3 Kd7 51. Ref3 Ke7 52. Rf6 Ke8 53.
Rff3 Ke7 54. Re3 Kd7 1/2-1/2